000 00338nam a22001217a 4500
008 180518b xxu||||| |||| 00| 0 eng d
041 _aeng
080 _a043.3
100 _a0
101 _aSHKI-MA
245 _aPerdorimi i Modelit te Terrenit ne Civil 3D per Llogaritjen e Vellimit ne Deponine e Kelmendit
_cMaliqi, E
942 _2udc
_cBK
999 _c45966
_d45966